Histoire du drapeau du Sénégal - Statistiques

Statistiques générales
  • Ce quiz a été pris 236 fois
    24 depuis la dernière actualisation
  • Le résultat moyen est 3 sur 7
Statistiques - réponses
Hint Réponse % Correct
Sénégal (drapeau actuel depuis 1960)
95%
Fédération du Mali (1959-1960)
60%
Troisième drapeau du Sénégal français (1814-1830)
35%
Cinquième drapeau du Sénégal français (1958-1959)
35%
Premier drapeau du Sénégal français (1643-1789)
30%
Deuxième drapeau du Sénégal français (1789-1814) et quatrième drapeau du Sénégal français (1830-1958)
30%
Empire du Mali (1235-1554)
15%
Aucun quiz correspondant
Distribution des résultats
% des personnes avec chaque résultat
Percentile par nombre de réponses
Votre historique - résultats
Vous n’avez pas pris ce quiz depuis la dernière actualisation